Дело по отношению Хозяйственного департамента о таксах сбора Владимирской губернии за переправы через реки Клязьму, Тезу, Лух и ...

Доступно только в Электронных читальных залах Найти на картеНа карте
RUSMARC
00003719nmc2a22000003x 450
0013e825ed5-79ae-490a-b8a2-881873fd9c3c
00520180806180129.0
100##$a20160526l18441848k l0rusy0189 ca
1010#$arus
102##$aRU
2001#$aДело по отношению Хозяйственного департамента о таксах сбора Владимирской губернии за переправы через реки Клязьму, Тезу, Лух и Оку
$j28 июня 1844 г. - 6 сентября 1848 г.
251##$cДело
300##$aДело
801#0$aRU
$bРГИА
$c20160526
$gRCR
801#1$aRU
$bГлавНИВЦ
$c20160526
$2rusmarc
801#2$aRU
$bПБ им. Б.Н. Ельцина
$c20180806
$gRCR
$2rusmarc
850##$aРГИА
852##$aРГИА
$eФедеральное казенное учреждение "Российский государственный исторический архив" (РГИА)
$j948
937##$hРГИА
$d12201965
$aASBIBLIO_SCAN
462#0$1001dc1641a5-18cf-44db-9146-52cce5d74d5e
$12001
$a1844-1845 гг. Дела Департамента полиции исполнительной МВД за 1844 г.
$1251
$cОпись
$1852
$j9
461#0$10013e300ed0-cd39-49af-8489-5ba5b90fa401
$12001
$aДепартамент полиции исполнительной МВД
$1251
$cФонд
$1852
$j1286
215##$a49 л.
$d36,5х26 см
371##$aДокумент не является опубликованным и широко распространяемым
105##$ay###
1222#$ad
035##$a3e825ed5-79ae-490a-b8a2-881873fd9c3c
856##$uhttp://readingroom.main.prlib.ru/item.aspx?id_node=n117936728&mode=full
Формат отображения